Spain : come on a journey of discovery (Record no. 242374)

MARC details
000 -LEADER
fixed length control field 00268nam a2200097Ia 4500
082 ## - DEWEY DECIMAL CLASSIFICATION NUMBER
Classification number J 914.6 KENY
008 - FIXED-LENGTH DATA ELEMENTS--GENERAL INFORMATION
fixed length control field 210817s9999 xx 000 0 und d
100 ## - MAIN ENTRY--PERSONAL NAME
Personal name KENYON, John London, 2004
9 (RLIN) 73797
245 #0 - TITLE STATEMENT
Title Spain : come on a journey of discovery
942 ## - ADDED ENTRY ELEMENTS
item type Books
Holdings
Withdrawn status Lost status Damaged status Not for loan Home library Current library Date acquired Cost, normal purchase price Total Checkouts Barcode Date last seen Price effective from item type
        eMalahleni Main PL (MMID-PLEM) eMalahleni Main PL (MMID-PLEM) 18.08.2021 56.00   33228020086078 18.08.2021 18.08.2021 Books